00812cam a22001934a 4500999001700000008004100017010001700058020004000075050002200115100002000137245010700157260004000264300004700304600003000351650005800381651004100439942001500480952012300495 c18299d18299030425s2003 laua c 000 0 eng  a 2003009827 a1589801415 (hardcover : alk. paper)00aND237.S277A4 20031 aSandusky, Phil.10aNew Orleans en plein air /cwritten and illustrated by Phil Sandusky ; foreword by M. Stephen Doherty. aGretna, La. :bPelican Pub.,c2003. a160 p. :bchiefly col. ill. ;c23 x 29 cm.10aSandusky, PhilvCatalogs. 0aPlein-air paintingzLouisianazNew OrleansvCatalogs. 0aNew Orleans (La.)vIn artvCatalogs. 2lcccBOOKS 00102lcc4070aMUCbMUCcGENd2016-12-05eDonation (BFA)l0oND237.S277A4 2003p28136r2016-12-05w2016-12-05yBOOKS